Virus munafiq / (Record no. 741)

000 -LEADER
fixed length control field nam a22 a 4500
003 - CONTROL NUMBER IDENTIFIER
control field AKMAL
005 - DATE AND TIME OF LATEST TRANSACTION
control field 20170505091018.0
008 - FIXED-LENGTH DATA ELEMENTS--GENERAL INFORMATION
fixed length control field 980106s1997 myw 00 may
020 ## - INTERNATIONAL STANDARD BOOK NUMBER
International Standard Book Number 9830461688 (kkt.):
Terms of availability 12.00
040 ## - CATALOGING SOURCE
Original cataloging agency AKMAL
082 04 - DEWEY DECIMAL CLASSIFICATION NUMBER
Classification number 297.22 BAT
090 00 - LOCALLY ASSIGNED LC-TYPE CALL NUMBER (OCLC); LOCAL CALL NUMBER (RLIN)
Classification number (OCLC) (R) ; Classification number, CALL (RLIN) (NR) 297.22
Local cutter number (OCLC) ; Book number/undivided call number, CALL (RLIN) BAT
100 1# - MAIN ENTRY--PERSONAL NAME
Personal name El-Batnani, Lutpi Mustafa
9 (RLIN) 1589
245 10 - TITLE STATEMENT
Title Virus munafiq /
Statement of responsibility, etc. Lutfi Mustafa El-Batnani ; susunan Abu Hafidz & Hafid Musa
260 ## - PUBLICATION, DISTRIBUTION, ETC.
Place of publication, distribution, etc. Kuala Lumpur :
Name of publisher, distributor, etc. Darul Nu'man,
Date of publication, distribution, etc. 1997
300 00 - PHYSICAL DESCRIPTION
Extent xii, 275ms. ;
Dimensions 21cm
500 ## - GENERAL NOTE
General note Mengandungi ayat-ayat dari Quran
504 ## - BIBLIOGRAPHY, ETC. NOTE
Bibliography, etc. note Bibliografi: ms. 273-275
650 #0 - SUBJECT ADDED ENTRY--TOPICAL TERM
Topical term or geographic name entry element Kufr (Islam)
9 (RLIN) 1590
650 #0 - SUBJECT ADDED ENTRY--TOPICAL TERM
Topical term or geographic name entry element Sin
General subdivision Islam
9 (RLIN) 1591
700 0# - ADDED ENTRY--PERSONAL NAME
Personal name Abu Hafidz
9 (RLIN) 1592
700 0# - ADDED ENTRY--PERSONAL NAME
Personal name Hafid Musa
9 (RLIN) 1593
942 ## - ADDED ENTRY ELEMENTS (KOHA)
Source of classification or shelving scheme
Koha item type Book
Holdings
Withdrawn status Lost status Source of classification or shelving scheme Damaged status Not for loan Collection code Home library Current library Shelving location Date acquired Inventory number Total Checkouts Full call number Barcode Date last seen Price effective from Koha item type
          NON-FICTION AKMAL Melaka AKMAL Melaka PINJAMAN 05.05.2017 200742   297.22 BAT 201701733 05.05.2017 05.05.2017 Book
Pusat Sumber Maklumat Dato' Haji Sarmin Md Hussin, Akademi Kastam Diraja Malaysia, Melaka
Tel: 06-2331106 | Faks: 06-2313787